¡Qué jaleo! / (Registro nro. 8908)

Detalles MARC
000 -LEADER
fixed length control field 01115nam a2200385 4500
001 - CONTROL NUMBER
control field 0442410
003 - CONTROL NUMBER IDENTIFIER
control field DO-SdBNP
005 - DATE AND TIME OF LATEST TRANSACTION
control field 20180326092427.0
007 - PHYSICAL DESCRIPTION FIXED FIELD--GENERAL INFORMATION
fixed length control field 0442410
008 - FIXED-LENGTH DATA ELEMENTS--GENERAL INFORMATION
fixed length control field 950530s 1991 sp spa
016 7# - NATIONAL BIBLIOGRAPHIC AGENCY CONTROL NUMBER
Record control number
Source BPMSU
017 ## - COPYRIGHT OR LEGAL DEPOSIT NUMBER
Copyright or legal deposit number
Assigning agency
020 ## - INTERNATIONAL STANDARD BOOK NUMBER
International Standard Book Number 8434825503
035 ## - SYSTEM CONTROL NUMBER
System control number
040 ## - CATALOGING SOURCE
Original cataloging agency BPMSU
Language of cataloging spa
Transcribing agency BPMSU
Description conventions
041 1# - LANGUAGE CODE
Language code of text/sound track or separate title spa
Language code of original
080 #0 - UNIVERSAL DECIMAL CLASSIFICATION NUMBER
Universal Decimal Classification number
100 1# - MAIN ENTRY--PERSONAL NAME
Personal name Beltran, Montserrat,
Dates associated with a name 1963-
240 10 - UNIFORM TITLE
Uniform title <a href="Quina olla!">Quina olla!</a>
Language of a work Español
245 11 - TITLE STATEMENT
Title ¡Qué jaleo! /
Statement of responsibility, etc. Montserrat Beltrán, Teresa M. Boada, Rosa Burgada ; ilustraciones de Roser Capdevila ; traducción del catalán, Manuel Barbadillo.
250 ## - EDITION STATEMENT
Edition statement 4ª ed.
260 ## - PUBLICATION, DISTRIBUTION, ETC. (IMPRINT)
Place of publication, distribution, etc. Madrid :
Name of publisher, distributor, etc. SM,
Date of publication, distribution, etc. 1991.
300 ## - PHYSICAL DESCRIPTION
Extent 62 p. ;
Other physical details il. :
Dimensions 20 cm.
490 1# - SERIES STATEMENT
Series statement El barco de vapor
Volume/sequential designation 160
490 1# - SERIES STATEMENT
Series statement Serie blanca
Volume/sequential designation 28
700 1# - ADDED ENTRY--PERSONAL NAME
Personal name Boada, Teresa M.
700 1# - ADDED ENTRY--PERSONAL NAME
Personal name Burgada, Rosa
700 12 - ADDED ENTRY--PERSONAL NAME
Personal name Capdevila, Roser,
Dates associated with a name 1939-
Relator term il.
700 12 - ADDED ENTRY--PERSONAL NAME
Personal name Barbadillo, Manuel,
Relator term tr.
830 #0 - SERIES ADDED ENTRY--UNIFORM TITLE
Uniform title El barco de vapor
Volume number/sequential designation 160
830 #0 - SERIES ADDED ENTRY--UNIFORM TITLE
Uniform title Serie blanca
Volume number/sequential designation 28
942 ## - ADDED ENTRY ELEMENTS (KOHA)
Source of classification or shelving scheme Dewey Decimal Classification
Koha item type Libros
945 ## - LOCAL PROCESSING INFORMATION (OCLC)
a Inventariado, 2018 /LP
956 ## - LOCAL ELECTRONIC LOCATION AND ACCESS (OCLC)
Host name VMATEO
Access number 10
Compression information 20151125
Processor of request BPMSU
Field link and sequence number 00151
Existencias
Withdrawn status Lost status Source of classification or shelving scheme Damaged status Not for loan Collection code Home library Current library Date acquired Source of acquisition Total Checkouts Barcode Date last seen Price effective from Koha item type
    Dewey Decimal Classification     Colección Infantil General Biblioteca Pública Metropolitana Salomé Ureña Biblioteca Pública Metropolitana Salomé Ureña 11/25/2015 FUNDI   BPMSU15110478 11/25/2015 11/25/2015 Libros